书目信息 |
| 题名: |
影视导演新编
|
|
| 作者: | 孙云宽 主编 | |
| 分册: | ||
| 出版信息: | 北京 电子工业出版社 2017.05 |
|
| 页数: | 185页 | |
| 开本: | 26cm | |
| 丛书名: | ||
| 单 册: | ||
| 中图分类: | J911 | |
| 科图分类: | ||
| 主题词: | 电影导演--高等学校--教材 , 电视--导演艺术--高等学校--教材 | |
| 电子资源: | ||
| ISBN: | 978-7-121-31451-3 | |
| 000 | 01016nam0 2200241 450 | |
| 001 | 1358 | |
| 005 | 20180928090240.83 | |
| 010 | @a978-7-121-31451-3@dCNY35.00 | |
| 100 | @a20170802d2017 em y0chiy50 ea | |
| 101 | 0 | @achi |
| 102 | @aCN@b110000 | |
| 105 | @aa z 000yy | |
| 200 | 1 | @a影视导演新编@9ying shi dao yan xin bian@f孙云宽主编 |
| 210 | @a北京@c电子工业出版社@d2017.05 | |
| 215 | @a185页@c图@d26cm | |
| 300 | @a普通高等教育“十三五”规划教材 | |
| 330 | @a本书紧贴最新发展趋势,全面梳理在影视艺术与技术数字化变革过程中,“导演”在影视创作中的美学观念、创作思维、创作方法、创作模式的变化以及新艺术和技术实践对导演能力的要求的变化,力求系统、全面地描述数字技术时代的影视导演基本知识和基本技能。本书内容主要包括实现导演梦,导演的工作,导演的美学观念,导演的创作语言,导演的创作技巧,导演的创作风格。 | |
| 606 | 0 | @a电影导演@x高等学校@j教材 |
| 606 | 0 | @a电视@x导演艺术@x高等学校@j教材 |
| 690 | @aJ911@v5 | |
| 701 | 0 | @a孙云宽@9sun yun kuan@4主编 |
| 801 | 0 | @aCN@b91MARC@c20170802 |
| 905 | @aMuseLib@dJ911@e357 | |
| 影视导演新编/孙云宽主编.-北京:电子工业出版社,2017.05 |
| 185页:图;26cm |
| 普通高等教育“十三五”规划教材 |
| ISBN 978-7-121-31451-3:CNY35.00 |
| 本书紧贴最新发展趋势,全面梳理在影视艺术与技术数字化变革过程中,“导演”在影视创作中的美学观念、创作思维、创作方法、创作模式的变化以及新艺术和技术实践对导演能力的要求的变化,力求系统、全面地描述数字技术时代的影视导演基本知识和基本技能。本书内容主要包括实现导演梦,导演的工作,导演的美学观念,导演的创作语言,导演的创作技巧,导演的创作风格。 |
| ● |
| 相关链接 |
|
|
|
|
正题名:影视导演新编
索取号:J911/357
 
预约/预借
| 序号 | 登录号 | 条形码 | 馆藏地/架位号 | 状态 | 备注 |
| 1 | 1122287 | 211222871 | 第一样本阅览室/ [索取号:J911/357] | 在馆 | |
| 2 | 1122288 | 211222880 | 密集书库-物理学院/ [索取号:J911/357] | 在馆 | |
| 3 | 1122289 | 211222899 | 第一借阅区/ [索取号:J911/357] | 在馆 | |
| 4 | 1122290 | 211222906 | 第一借阅区/ [索取号:J911/357] | 在馆 | |
| 5 | 1122291 | 211222915 | 第一借阅区/ [索取号:J911/357] | 在馆 |